000 00699nam a2200253Ia 4500
003 OSt
005 20221005030041.0
006 a|||||r|||| 00| 0
007 ta
008 221004b |||||||| |||| 00| 0 eng d
024 _a69512
037 _cTextual
040 _aCRL
_cCRL
_beng
041 _2eng
_aeng
082 _aX8(A).42.N9, M2
100 _aMorishima Michio
245 0 _aWhy has Japan succeeded? Western technology and the Japanese ethos
260 _aCambridge
_bCambridge University
_c1982
300 _a209p.
_ccm.
650 _a ECONOMICS
650 _aINDUSTRIES
942 _hX8(A).42.N9, M2
_cTEXL
_2cc
999 _c935586
_d935586